Vamos a aprender espanol - april - Estadísticas

Estadísticas generales
  • Esta prueba ha sido intentada 6 veces
  • La puntuación promedio es 8 de 30
Estadísticas de respuestas
Inglés Espanol % Correcto
Mango Un mango
100%
Spider Una araña
80%
Jacket Una chaqueta
80%
Prince Un principe
80%
Strawberry Una fresa
60%
Experiment Un experimento
60%
Anxious Ansioso
40%
Tongue Una lengua
40%
Cigarette Un cigarrillo
40%
To welcome Acoger
20%
To act Actuar
20%
To rest Descansar
20%
Pumpkin Una calabaza
20%
Diet Una dieta
20%
Embassy Una embajada
20%
Leaf Una hoja
20%
Nature Una naturaleza
20%
Stone Una piedra
20%
Coma Un coma
20%
Failure Un fracaso
20%
Forehead Un frente
20%
Sweat Un sudor
20%
To achieve / To reach Alcanzar
0%
To decrease / To reduce Disminuir
0%
To pretend Fingir
0%
To tidy up Ordenar
0%
Raspberry Una frambuesa
0%
Precarity Una precariedad
0%
Liver Un higado
0%
Lighter Un mechero
0%
No se encontraron pruebas coincidentes
Distribución de puntuación
Porcentaje de gente con cada puntuación
Porcentaje por número respondido
Historial de tus puntuaciones
No has intentado esta prueba.